| 000 -Etiqueta do registo | |
|---|---|
| campo de controlo de comprimento fixo | 008770000a22002530004500 |
| 001 - Identificador do registo | |
| Campo de controlo | 52096 |
| 010 ## - ISBN | |
| Número (ISBN) | 978-972-650-688-1 |
| 100 ## - Dados Gerais de Proc. | |
| Dados gerais de processamento | 20141103d2014 k y0pory5003 ba |
| 101 0# - Língua da publicação | |
| Língua do texto, banda sonora, etc. | Português |
| 102 ## - País de Publicação | |
| País de publicação | Portugal |
| 200 1# - Título | |
| Título próprio | Os miúdos da mata da Ucha |
| Primeira menção de responsabilidade | Maria Natália Miranda |
| Outras menções de responsabilidade | il .Plátano editora |
| 205 ## - Menção da edição | |
| Menção da edição | 6.ª ed |
| 210 ## - Publicação, Distribuição | |
| Lugar da edição, distribuição, etc. | Lisboa |
| Nome do editor, distribuidor, etc. | Plátano |
| Data da publicação, distribuição, etc. | 2009 |
| 215 ## - Descrição física | |
| Descrição física | 45 p. |
| Outras indicações físicas | il. |
| 606 ## - Nome comum | |
| Koha Internal code | 2188 |
| Elemento de entrada | Literatura portuguesa -- Literatura juvenil |
| Subdivisão de assunto | conto -- [Publicações juvenis] |
| 675 ## - CDU | |
| Notação | 821.134.3-34 |
| Edição | BN |
| Língua da edição | Português |
| 675 ## - CDU | |
| Notação | 087.5-053.5 |
| Edição | BN |
| Língua da edição | Português |
| 700 #1 - Responsabilidade principal | |
| Koha Internal Code | 32037 |
| Palavra de ordem | Miranda |
| Outra parte do nome | Maria Natália |
| Datas | 1925- |
| 712 02 - Colectividade (resp. secundária) | |
| Koha Internal code | 4873 |
| Código de função | Ilustrador |
| Palavra de ordem | Plátano editora |
| 801 ## - Fonte de origem | |
| País | Portugal |
| Data da última transacção | 20141103 |
| 090 ## - Números de controlo do sistema (Koha) | |
| Número biblioitem do Koha (gerado automaticamente) | 52096 |
| 942 ## - Elementos de entrada adicionados (Koha) | |
| Tipo de item no Koha | Monografias |
| Suprimido | Disponível no OPAC |
| 999 ## - Campo local | |
| Campo local | 52096 |
| Perdido (estado) | Data de aquisição | Origem do registo (biblioteca) (codificado) | Código da organização que empresta ou é detentora (biblioteca) | Código de barras | Cota | Tipo de circulação (não pode ser emprestado) | Tipo de item e material | Número de inventário |
|---|---|---|---|---|---|---|---|---|
| Disponível | 2014-11-03 | Biblioteca EB23 D. Paio Peres Correia | Biblioteca EB23 D. Paio Peres Correia | BEBDPPC7495 | 82-34 MIR | Normal | Monografias | |
| Disponível | 2014-12-30 | Biblioteca EB23 D. Paio Peres Correia | Biblioteca EB23 D. Paio Peres Correia | BEBDPPC7496 | 82-34 MIR | Normal | Monografias | |
| Disponível | 2020-09-18 | Biblioteca EB23 D. Paio Peres Correia | Biblioteca EB23 D. Paio Peres Correia | BEDPPC7497 | 82-34 MIR | Normal | Monografias | 7497 |
| Disponível | 2020-10-07 | Biblioteca EB23 D. Paio Peres Correia | Biblioteca EB23 D. Paio Peres Correia | BEBDPPC8036 | 82-34 MIR | Normal | Monografias | 8036 |
| Disponível | 2020-10-07 | Biblioteca EB23 D. Paio Peres Correia | Biblioteca EB23 D. Paio Peres Correia | BEBDPPC8037 | 82-34 MIR | Normal | Monografias | 8037 |
| Disponível | 2020-10-07 | Biblioteca EB23 D. Paio Peres Correia | Biblioteca EB23 D. Paio Peres Correia | BEBDPPC8038 | 82-34 MIR | Normal | Monografias | 8038 |
| Disponível | 2020-10-07 | Biblioteca EB23 D. Paio Peres Correia | Biblioteca EB23 D. Paio Peres Correia | BEBDPPC8039 | 82-34 MIR | Normal | Monografias | 8039 |